000 00403nam a22001217a 4500
040 _cRUA
082 _aA225 ប្រាជ្ញ 2018​ C160 Or.1
100 _aប្រាជ្ញ វិជ័យ
245 _aThe Jew Secret, អាថ៌កំបាំងរបស់ជ្វីហ្វ
260 _aPHNOM PENh
_bRUA
_c2018
300 _a178p.
_bill.
_c22cm.
942 _cអភិវឌ្ឍន៍
999 _c25673
_d25673